Ολυμπιακοί αγώνες και επιχειρήσεις : στήριξη και προσδοκία κέρδους
Αποθηκεύτηκε σε:
| Κύριος συγγραφέας: | |
|---|---|
| Άλλοι συγγραφείς: | |
| Μορφή: | Βιβλίο |
| Γλώσσα: | Greek |
| Δημοσίευση: |
Αθήνα :
Κέρκυρα,
c2004
|
| Θέματα: | |
| Ετικέτες: |
Προσθήκη ετικέτας
Δεν υπάρχουν, Καταχωρήστε ετικέτα πρώτοι!
|
MARC
| LEADER | 00000cam a2200000 i 4500 | ||
|---|---|---|---|
| 001 | 1/7689 | ||
| 008 | 100520s2004 gre d | ||
| 020 | |a 960-8386-01-2 | ||
| 035 | |l 10107956 | ||
| 040 | |a GR-MY-UA |b gre |e aacr | ||
| 041 | 0 | |a gre | |
| 082 | 0 | |a 796.48 |2 (22) | |
| 100 | 1 | |a Καψή, Νέλλη. | |
| 245 | 1 | 0 | |a Ολυμπιακοί αγώνες και επιχειρήσεις : |b στήριξη και προσδοκία κέρδους / |c Νέλλη Καψή; Ελένη Μπενέκη |
| 260 | |a Αθήνα : |b Κέρκυρα, |c c2004 | ||
| 300 | |a 285 σ.; |b έγχρ. εικ.; |c 28 εκ. | ||
| 504 | |a Βιβλιογραφία: σ. 270-272. Ευρετήριο. | ||
| 650 | 0 | 0 | |a Olympics |x Economic aspects. |
| 650 | 0 | 0 | |a Olympics |z Greece |z Athens. |
| 700 | 1 | |a Μπενέκη, Ελένη. | |
| 852 | |a INST |b CHIOS |e 20100520 |h 796.48 ΚΑΨ |p 005200032631 |q 005200032631 |t BK |y 0 | ||
| 901 | |a BIBL2-2010-2 | ||
| 909 | |a Χ |b 148303 | ||
| 970 | |a ΣΑΛΑΜΟΥΡΑ |b ΜΑΡΙΑ |z 2010/05/20 | ||